[Event "36. Open Villa de Benasque 2016 "]
[Site "Benasque ESP"]
[Date "2016.07.09"]
[Round "3.6"]
[White "Cordova, Emilio"]
[Black "Fierro Baquero, Martha L"]
[Result "1/2-1/2"]
[WhiteElo "2620"]
[BlackElo "2346"]
[PlyCount "56"]
[EventDate "2016.07.07"]
[EventType "swiss"]
[EventRounds "10"]
[EventCountry "ESP"]
[SourceTitle "Ajedrez en Madrid"]
[Source "lmi"]
[SourceDate "2016.07.07"]

1. Nf3 g6 2. g3 Bg7 3. Bg2 Nf6 4. c4 O-O 5. O-O d6 6. Nc3 Nc6 7. d4 Rb8 8. Bf4
a6 9. c5 Nd7 10. Rc1 e5 11. dxe5 dxe5 12. Be3 Nf6 13. h3 h6 14. Qa4 Qe7 15.
Rfd1 Be6 16. Nd2 Rfd8 17. Nc4 Bd7 18. Qa3 Be6 19. b3 Bxc4 20. bxc4 Nd4 21. Bxd4
exd4 22. Nd5 Nxd5 23. cxd5 Qxe2 24. Re1 Qb5 25. Re4 d3 26. Rd1 Bb2 27. Qb3 Qxb3
28. axb3 c6 1/2-1/2

[Event "36. Open Villa de Benasque 2016 "]
[Site "Benasque ESP"]
[Date "2016.07.09"]
[Round "3.7"]
[White "Quintin Navarro, Alberto"]
[Black "Baklan, Vladimir"]
[Result "1/2-1/2"]
[WhiteElo "2344"]
[BlackElo "2618"]
[PlyCount "97"]
[EventDate "2016.07.07"]
[EventType "swiss"]
[EventRounds "10"]
[EventCountry "ESP"]
[SourceTitle "Ajedrez en Madrid"]
[Source "lmi"]
[SourceDate "2016.07.07"]

1. e4 e6 2. d4 d5 3. Nc3 Nf6 4. Bg5 dxe4 5. Nxe4 Nbd7 6. Nf3 h6 7. Nxf6+ Nxf6
8. Bh4 c5 9. Bb5+ Bd7 10. Bxd7+ Qxd7 11. O-O cxd4 12. Bxf6 gxf6 13. Qxd4 Qxd4
14. Nxd4 O-O-O 15. Rfd1 Bc5 16. Nb3 Bb6 17. c4 Bc7 18. Nc5 b6 19. Na4 Be5 20.
Kf1 Kb7 21. Ke2 Ka6 22. Rac1 Ka5 23. Nc3 Kb4 24. Rxd8 Rxd8 25. Nd1 Rc8 26. b3
a5 27. Ne3 Rd8 28. c5 bxc5 29. Rc4+ Kb5 30. Rh4 Rh8 31. Nc4 Bd4 32. Nd6+ Kb4
33. Nxf7 Rh7 34. Nd8 Ka3 35. Nc6 Kxa2 36. Nxa5 Bc3 37. Ra4+ Kb2 38. Kd3 Rd7+
39. Kc4 Bd4 40. f3 Bg1 41. Kb5 Bxh2 42. Kxc5 h5 43. b4 Rd5+ 44. Kc6 Bg1 45. b5
Rc5+ 46. Kd6 Rxb5 47. Kxe6 Rg5 48. Kxf6 Rxg2 49. Rh4 1/2-1/2

[Event "36. Open Villa de Benasque 2016 "]
[Site "Benasque ESP"]
[Date "2016.07.09"]
[Round "3.8"]
[White "Cori, Jorge"]
[Black "Montoliu Cervero, Francisco"]
[Result "1-0"]
[WhiteElo "2602"]
[BlackElo "2326"]
[PlyCount "169"]
[EventDate "2016.07.07"]
[EventType "swiss"]
[EventRounds "10"]
[EventCountry "ESP"]
[SourceTitle "Ajedrez en Madrid"]
[Source "lmi"]
[SourceDate "2016.07.07"]

1. c4 Nf6 2. g3 c6 3. Bg2 d5 4. Nf3 g6 5. cxd5 cxd5 6. d4 Bg7 7. Nc3 O-O 8. O-O
Nc6 9. Ne5 Nxe5 10. dxe5 Ng4 11. Nxd5 Nxe5 12. Bg5 Nc6 13. Qa4 h6 14. Be3 Bd7
15. Rad1 Nd4 16. Qb4 e5 17. Bxd4 exd4 18. Qxb7 Kh7 19. e3 Rb8 20. Qxa7 Bc6 21.
Rxd4 Rxb2 22. Rdd1 Qa8 23. Qxa8 Bxa8 24. a4 Ra2 25. Nb6 Bxg2 26. Kxg2 Rb8 27.
Rb1 Bc3 28. Rb5 Bd2 29. Nc4 Rc8 30. Nxd2 Rxd2 31. Rb4 g5 32. h4 Ra2 33. hxg5
hxg5 34. Kf3 Ra8 35. Kg4 Kg6 36. Rb6+ f6 37. e4 R2xa4 38. f3 R8a6 39. Rfb1 R4a5
40. f4 gxf4 41. gxf4 Rxb6 42. Rxb6 Kf7 43. Rb7+ Kf8 44. Rd7 Rb5 45. Rd5 Rb7 46.
Kf5 Kf7 47. Ra5 Rc7 48. Kg4 Kg6 49. Ra4 Rc5 50. f5+ Kg7 51. Ra7+ Kh6 52. Kf4
Rb5 53. Ke3 Rb1 54. Rf7 Rb6 55. Re7 Rb1 56. Kf3 Ra1 57. Rf7 Ra6 58. Kg4 Rb6 59.
Rf8 Kg7 60. Ra8 Rb1 61. Ra7+ Kh6 62. Ra3 Kg7 63. Ra7+ Kh6 64. Kf4 Rb4 65. Rf7
Rb6 66. Ke3 Ra6 67. Kd4 Kg5 68. Kd5 Ra5+ 69. Kd6 Ra6+ 70. Kd7 Kf4 71. Re7 Ra4
72. Re6 Kg5 73. Ke7 Ra7+ 74. Kf8 Rb7 75. Re7 Rb6 76. Kg7 Ra6 77. Kh7 Rb6 78.
Rg7+ Kf4 79. Kg6 Kxe4 80. Re7+ Kd5 81. Kf7 Rb1 82. Kxf6 Kd6 83. Re2 Kd7 84. Kf7
Rd1 85. f6 1-0

[Event "36. Open Villa de Benasque 2016 "]
[Site "Benasque ESP"]
[Date "2016.07.09"]
[Round "3.9"]
[White "Domingo Nuñez, Alejandro"]
[Black "Vocaturo, Daniele"]
[Result "0-1"]
[WhiteElo "2334"]
[BlackElo "2582"]
[PlyCount "78"]
[EventDate "2016.07.07"]
[EventType "swiss"]
[EventRounds "10"]
[EventCountry "ESP"]
[SourceTitle "Ajedrez en Madrid"]
[Source "lmi"]
[SourceDate "2016.07.07"]

1. e4 c5 2. c3 Nf6 3. e5 Nd5 4. d4 cxd4 5. Nf3 e6 6. cxd4 d6 7. a3 Bd7 8. Bd3
Bc6 9. O-O Nd7 10. b4 a6 11. Re1 Be7 12. Nbd2 Nf4 13. Bc2 dxe5 14. dxe5 Nb6 15.
Ne4 Qxd1 16. Rxd1 Ne2+ 17. Kf1 Nxc1 18. Raxc1 Nc4 19. Nd6+ Bxd6 20. exd6 Rd8
21. Nd4 Rxd6 22. Nxc6 Rxc6 23. Ke2 b5 24. Be4 Rc7 25. Rd6 Ra7 26. Rc6 Ke7 27.
a4 Rd8 28. a5 Rd2+ 29. Ke1 Rd4 30. Bf3 Ne5 31. Rc7+ Rxc7 32. Rxc7+ Rd7 33.
Rxd7+ Kxd7 34. Bb7 Nd3+ 35. Kd2 Nxb4 36. Kc3 Kc7 37. Be4 f5 38. Kxb4 fxe4 39.
Kc5 Kd7 0-1

[Event "36. Open Villa de Benasque 2016 "]
[Site "Benasque ESP"]
[Date "2016.07.09"]
[Round "3.10"]
[White "Forcen Esteban, Daniel"]
[Black "Suarez Uriel, Adrian"]
[Result "1-0"]
[WhiteElo "2565"]
[BlackElo "2304"]
[PlyCount "63"]
[EventDate "2016.07.07"]
[EventType "swiss"]
[EventRounds "10"]
[EventCountry "ESP"]
[SourceTitle "Ajedrez en Madrid"]
[Source "lmi"]
[SourceDate "2016.07.07"]

1. d4 Nf6 2. c4 g6 3. f3 d5 4. cxd5 Nxd5 5. e4 Nb6 6. Nc3 Bg7 7. Be3 e5 8. d5
c6 9. Qd2 cxd5 10. exd5 Nc4 11. Bxc4 Qh4+ 12. g3 Qxc4 13. Bh6 O-O 14. h4 Qd4
15. Qc1 e4 16. Nge2 Qf6 17. fxe4 Nd7 18. Rf1 Qb6 19. Bxg7 Kxg7 20. Qd2 Ne5 21.
O-O-O Bh3 22. Rf4 Rac8 23. Kb1 a6 24. Qd4 Qd6 25. g4 Rc4 26. Qg1 Qd7 27. b3 Rc7
28. Qd4 f6 29. d6 Rcc8 30. g5 Qe6 31. gxf6+ Rxf6 32. Nd5 1-0

[Event "36. Open Villa de Benasque 2016 "]
[Site "Benasque ESP"]
[Date "2016.07.10"]
[Round "4.1"]
[White "Sasikiran, Krishnan"]
[Black "Cori T., Deysi"]
[Result "1-0"]
[WhiteElo "2639"]
[BlackElo "2435"]
[PlyCount "51"]
[EventDate "2016.07.07"]
[EventType "swiss"]
[EventRounds "10"]
[EventCountry "ESP"]
[SourceTitle "Ajedrez en Madrid"]
[Source "lmi"]
[SourceDate "2016.07.07"]

1. d4 Nf6 2. Nf3 g6 3. Bg5 Bg7 4. Nbd2 c5 5. e3 d6 6. c3 O-O 7. Bd3 a6 8. O-O
Nc6 9. Re1 Re8 10. a4 h6 11. Bh4 g5 12. Bg3 e5 13. dxe5 dxe5 14. Qc2 Qe7 15. e4
Bg4 16. Be2 Rad8 17. Nc4 Nxe4 18. Qxe4 f5 19. Qc2 f4 20. h3 Bxf3 21. Bxf3 fxg3
22. fxg3 e4 23. Rxe4 Qc7 24. Rxe8+ Rxe8 25. Qg6 Rd8 26. Be4 1-0

[Event "36. Open Villa de Benasque 2016 "]
[Site "Benasque ESP"]
[Date "2016.07.10"]
[Round "4.2"]
[White "Berescu, Alin-Mile"]
[Black "Kuzubov, Yuriy"]
[Result "0-1"]
[WhiteElo "2454"]
[BlackElo "2635"]
[PlyCount "130"]
[EventDate "2016.07.07"]
[EventType "swiss"]
[EventRounds "10"]
[EventCountry "ESP"]
[SourceTitle "Ajedrez en Madrid"]
[Source "lmi"]
[SourceDate "2016.07.07"]

1. d4 Nf6 2. Nf3 e6 3. Bf4 c5 4. c3 Be7 5. h3 O-O 6. e3 d5 7. Nbd2 Qb6 8. Rb1
Bd7 9. Bd3 Bb5 10. Qe2 Bxd3 11. Qxd3 Nbd7 12. O-O Rfd8 13. Ne5 Rac8 14. Bg5 Qc7
15. f4 Nf8 16. Bxf6 Bxf6 17. Ng4 Be7 18. f5 exf5 19. Rxf5 h5 20. Rxh5 g6 21.
Re5 f6 22. Rxe7 Qxe7 23. Rf1 Rc6 24. Rf4 Kg7 25. Qf1 cxd4 26. exd4 Re8 27. Qf3
Ne6 28. Nxf6 Nxf4 29. Nxe8+ Qxe8 30. Qxf4 Qe1+ 31. Kh2 Rf6 32. Qg5 Qe2 33. Nb3
Rf5 34. Qd8 b6 35. Qd7+ Kh6 36. Qd8 Kg7 37. Qd7+ Kf6 38. Qd8+ Qe7 39. Qh8+ Ke6
40. Qg8+ Qf7 41. Qc8+ Kd6 42. Nd2 Rf2 43. Nf3 Rxb2 44. Qd8+ Qd7 45. Qf8+ Qe7
46. Qb8+ Qc7 47. Qf8+ Kc6+ 48. Ne5+ Kb7 49. Qg8 Qd6 50. Qf7+ Ka6 51. Qxg6 Qxg6
52. Nxg6 Rxa2 53. Nf4 Kb5 54. h4 Rc2 55. Nxd5 a5 56. h5 Rf2 57. h6 Kc4 58.
Nxb6+ Kxc3 59. Kg3 Rf7 60. Kg4 Kxd4 61. Kg5 Rc7 62. Na4 Ke5 63. g4 Ke6 64. Kg6
Rc4 65. h7 Ke5 0-1

[Event "36. Open Villa de Benasque 2016 "]
[Site "Benasque ESP"]
[Date "2016.07.10"]
[Round "4.3"]
[White "Barbot, Pierre"]
[Black "Cori, Jorge"]
[Result "0-1"]
[WhiteElo "2433"]
[BlackElo "2602"]
[PlyCount "80"]
[EventDate "2016.07.07"]
[EventType "swiss"]
[EventRounds "10"]
[EventCountry "ESP"]
[SourceTitle "Ajedrez en Madrid"]
[Source "lmi"]
[SourceDate "2016.07.07"]

1. d4 Nf6 2. c4 g6 3. Nc3 d5 4. cxd5 Nxd5 5. e4 Nxc3 6. bxc3 Bg7 7. Be3 c5 8.
Qd2 O-O 9. Rc1 b6 10. Nf3 Bb7 11. Bd3 e6 12. h4 h5 13. Bg5 Qc7 14. Bf4 Qe7 15.
Bg5 Qc7 16. Bf4 Qe7 17. Bg5 Qd7 18. O-O Nc6 19. Bb5 a6 20. Bxc6 Bxc6 21. Qf4 f6
22. Bh6 Bxh6 23. Qxh6 Bxe4 24. dxc5 bxc5 25. Rcd1 Qf7 26. Rd6 Rfd8 27. Rfd1 Qe7
28. Qf4 Rxd6 29. Rxd6 Bd5 30. a3 Kg7 31. Rb6 e5 32. Qe3 Qc7 33. Rb2 Qc6 34. Rd2
Bf7 35. Ne1 Rb8 36. Nd3 Qa4 37. f4 Qc4 38. Nxe5 Qe6 39. Qxc5 fxe5 40. fxe5 Rb5
0-1

[Event "36. Open Villa de Benasque 2016 "]
[Site "Benasque ESP"]
[Date "2016.07.10"]
[Round "4.4"]
[White "Vocaturo, Daniele"]
[Black "Antoli Royo, Joaquin Miguel"]
[Result "1/2-1/2"]
[WhiteElo "2582"]
[BlackElo "2432"]
[PlyCount "114"]
[EventDate "2016.07.07"]
[EventType "swiss"]
[EventRounds "10"]
[EventCountry "ESP"]
[SourceTitle "Ajedrez en Madrid"]
[Source "lmi"]
[SourceDate "2016.07.07"]

1. d4 Nf6 2. c4 g6 3. Nc3 d5 4. cxd5 Nxd5 5. Na4 Nf6 6. Bf4 Bg7 7. Rc1 c6 8.
Nf3 O-O 9. e3 Bg4 10. Nc5 Qb6 11. Qd2 Bxf3 12. gxf3 Nbd7 13. b4 Rfe8 14. Na4
Qd8 15. b5 e5 16. dxe5 Nd5 17. bxc6 bxc6 18. Bg3 Nxe5 19. Be2 Rb8 20. O-O Rb4
21. Nc5 Nf4 22. Qxb4 Nxe2+ 23. Kg2 Nxc1 24. Rxc1 Qd5 25. Bxe5 Bxe5 26. Qe4 Qxe4
27. Nxe4 f5 28. Nd2 Re6 29. f4 Bc7 30. Nb3 Bb6 31. Nd2 Rd6 32. Nc4 Rd5 33. Kf3
Bc7 34. Ke2 Kf7 35. Nd2 c5 36. Rb1 Bb6 37. Nc4 Rd8 38. a4 Ke6 39. a5 Bc7 40.
Rb7 Kd5 41. Rxa7 Kxc4 42. Rxc7 Ra8 43. Rxh7 Rxa5 44. Rh6 Ra6 45. h4 Kb3 46. Kf3
c4 47. h5 c3 48. Rxg6 c2 49. Rxa6 c1=Q 50. Rb6+ Ka4 51. h6 Qd1+ 52. Kg2 Qg4+
53. Kf1 Ka5 54. Rd6 Kb4 55. Ke1 Qg1+ 56. Ke2 Qg4+ 57. Ke1 Qg1+ 1/2-1/2

[Event "36. Open Villa de Benasque 2016 "]
[Site "Benasque ESP"]
[Date "2016.07.10"]
[Round "4.5"]
[White "Alvarado Diaz, Alejandro"]
[Black "Forcen Esteban, Daniel"]
[Result "1-0"]
[WhiteElo "2421"]
[BlackElo "2565"]
[PlyCount "55"]
[EventDate "2016.07.07"]
[EventType "swiss"]
[EventRounds "10"]
[EventCountry "ESP"]
[SourceTitle "Ajedrez en Madrid"]
[Source "lmi"]
[SourceDate "2016.07.07"]

1. Nf3 c5 2. g3 Nc6 3. Bg2 d5 4. O-O Nf6 5. d3 e6 6. Nbd2 Bd6 7. e4 O-O 8. Re1
Bc7 9. Nb3 b6 10. e5 Nd7 11. d4 cxd4 12. Bf4 Nc5 13. Nbxd4 Nxd4 14. Nxd4 f6 15.
c4 fxe5 16. Nc6 Qd7 17. Nxe5 Bxe5 18. Rxe5 Bb7 19. cxd5 Rad8 20. b4 Na6 21. Qe2
Nxb4 22. dxe6 Qd4 23. Rb1 Bxg2 24. e7 Bc6 25. exf8=Q+ Kxf8 26. Bg5 Rd5 27. Re4
Qd3 28. Rf4+ 1-0

[Event "36. Open Villa de Benasque 2016 "]
[Site "Benasque ESP"]
[Date "2016.07.10"]
[Round "4.6"]
[White "Gopal, G.N.."]
[Black "Cruz Lledo, Pablo"]
[Result "1-0"]
[WhiteElo "2565"]
[BlackElo "2413"]
[PlyCount "95"]
[EventDate "2016.07.07"]
[EventType "swiss"]
[EventRounds "10"]
[EventCountry "ESP"]
[SourceTitle "Ajedrez en Madrid"]
[Source "lmi"]
[SourceDate "2016.07.07"]

1. e4 c6 2. d4 d5 3. e5 Bf5 4. Nf3 e6 5. Be2 Bb4+ 6. Nbd2 Nd7 7. O-O Ba5 8. Nb3
Bc7 9. Ne1 Ne7 10. f4 O-O 11. Be3 f6 12. Nf3 Be4 13. c3 c5 14. exf6 Rxf6 15.
Ng5 Nf5 16. Qd2 cxd4 17. Nxd4 Nxd4 18. Bxd4 Rh6 19. Nxe4 dxe4 20. Qe3 Nf6 21.
c4 b5 22. Rad1 bxc4 23. Bxc4 Qe7 24. h3 Rd8 25. Bxa7 Rxd1 26. Rxd1 Bxf4 27.
Qxf4 Qxa7+ 28. Kh1 Qe7 29. a4 Rh5 30. b3 h6 31. Qb8+ Kh7 32. Qd6 Qa7 33. Qxe6
Rg5 34. Qd6 Qf2 35. Qd2 Qg3 36. Qe2 Rf5 37. Rf1 Rxf1+ 38. Qxf1 Qe5 39. Be2 h5
40. b4 Nd5 41. b5 Ne3 42. Qf7 Qa1+ 43. Kh2 Qe5+ 44. g3 h4 45. Qh5+ Qxh5 46.
Bxh5 Kh6 47. b6 hxg3+ 48. Kg1 1-0

[Event "36. Open Villa de Benasque 2016 "]
[Site "Benasque ESP"]
[Date "2016.07.10"]
[Round "4.7"]
[White "Suarez Gomez, Julio"]
[Black "Baryshpolets, Andrey"]
[Result "0-1"]
[WhiteElo "2413"]
[BlackElo "2551"]
[PlyCount "72"]
[EventDate "2016.07.07"]
[EventType "swiss"]
[EventRounds "10"]
[EventCountry "ESP"]
[SourceTitle "Ajedrez en Madrid"]
[Source "lmi"]
[SourceDate "2016.07.07"]

1. e4 c5 2. Nf3 Nc6 3. Nc3 d6 4. d4 cxd4 5. Nxd4 Nf6 6. f3 e5 7. Nb3 Be7 8. Be3
O-O 9. Qd2 a5 10. Bb5 Na7 11. Bxa7 Rxa7 12. O-O-O Be6 13. Kb1 Qb6 14. a4 Rd8
15. g4 Raa8 16. Qe1 Ne8 17. Qe2 Nc7 18. Bc4 Bg5 19. h4 Bf4 20. Bd5 Qb4 21. h5
h6 22. Rhg1 Bg5 23. Nc1 Nxd5 24. Nxd5 Qxa4 25. Nb6 Qc6 26. Nxa8 Rxa8 27. Qd3
Ra6 28. Na2 b5 29. b3 b4 30. Kb2 Rb6 31. Nc1 Qc5 32. Ne2 Be3 33. Rgf1 Rc6 34.
Ra1 Bc8 35. c4 bxc3+ 36. Nxc3 Ba6 0-1

[Event "36. Open Villa de Benasque 2016 "]
[Site "Benasque ESP"]
[Date "2016.07.10"]
[Round "4.8"]
[White "Jansa, Vlastimil"]
[Black "Cruz, Cristhian"]
[Result "1-0"]
[WhiteElo "2411"]
[BlackElo "2541"]
[PlyCount "65"]
[EventDate "2016.07.07"]
[EventType "swiss"]
[EventRounds "10"]
[EventCountry "ESP"]
[SourceTitle "Ajedrez en Madrid"]
[Source "lmi"]
[SourceDate "2016.07.07"]

1. e4 c5 2. Nf3 Nc6 3. Bb5 d6 4. O-O Bd7 5. Re1 Nf6 6. h3 e6 7. c3 Ne5 8. Bxd7+
Nfxd7 9. d4 Nxf3+ 10. Qxf3 Be7 11. e5 d5 12. Qg3 g6 13. Nd2 cxd4 14. cxd4 Rc8
15. Nf3 Rc2 16. Rb1 Nb8 17. Bh6 Nc6 18. Rec1 Rxc1+ 19. Rxc1 Qb6 20. b3 Nxd4 21.
Nxd4 Qxd4 22. Rc8+ Bd8 23. Rb8 Kd7 24. Rxb7+ Bc7 25. Qe3 Qa1+ 26. Kh2 Kc6 27.
Rxc7+ Kxc7 28. Qxa7+ Kc6 29. Qa6+ Kc7 30. Qa7+ Kc6 31. Qxf7 Kc5 32. Qxe6 Kd4
33. Qf6 1-0

[Event "36. Open Villa de Benasque 2016 "]
[Site "Benasque ESP"]
[Date "2016.07.10"]
[Round "4.9"]
[White "Delorme, Axel"]
[Black "Melia, Salome"]
[Result "1/2-1/2"]
[WhiteElo "2514"]
[BlackElo "2411"]
[PlyCount "43"]
[EventDate "2016.07.07"]
[EventType "swiss"]
[EventRounds "10"]
[EventCountry "ESP"]
[SourceTitle "Ajedrez en Madrid"]
[Source "lmi"]
[SourceDate "2016.07.07"]

1. Nf3 d5 2. d4 Nf6 3. g3 Bf5 4. c4 e6 5. Nc3 Nc6 6. Bg5 Be7 7. cxd5 Nxd5 8.
Bxe7 Ncxe7 9. Rc1 O-O 10. Bg2 Nxc3 11. Rxc3 Be4 12. O-O Nd5 13. Rc5 c6 14. Ne5
Bxg2 15. Kxg2 Nf6 16. e3 Nd7 17. Nxd7 Qxd7 18. b4 Rfd8 19. Qf3 Qe7 20. b5 cxb5
21. Rfc1 Rab8 22. Rxb5 1/2-1/2

[Event "36. Open Villa de Benasque 2016 "]
[Site "Benasque ESP"]
[Date "2016.07.10"]
[Round "4.10"]
[White "Santos Ruiz, Miguel"]
[Black "Ubilava, Elizbar"]
[Result "1/2-1/2"]
[WhiteElo "2410"]
[BlackElo "2482"]
[PlyCount "45"]
[EventDate "2016.07.07"]
[EventType "swiss"]
[EventRounds "10"]
[EventCountry "ESP"]
[SourceTitle "Ajedrez en Madrid"]
[Source "lmi"]
[SourceDate "2016.07.07"]

1. e4 c5 2. Nf3 e6 3. d4 cxd4 4. Nxd4 Nc6 5. Nc3 Qc7 6. Be3 a6 7. Qd2 Nxd4 8.
Bxd4 Ne7 9. O-O-O Nc6 10. Be3 b5 11. Nd5 exd5 12. exd5 Nb4 13. a3 Nxc2 14. Qxc2
Qxc2+ 15. Kxc2 Bd6 16. g3 O-O 17. b4 Bb7 18. Kb3 Rac8 19. Bg2 Rc4 20. Bf1 Rc7
21. Bb6 Rcc8 22. Bg2 Rc4 23. Bf1 1/2-1/2

[Event "36. Open Villa de Benasque 2016 "]
[Site "Benasque ESP"]
[Date "2016.07.11"]
[Round "5.1"]
[White "Castellanos Rodriguez, Renier"]
[Black "Sasikiran, Krishnan"]
[Result "0-1"]
[WhiteElo "2620"]
[BlackElo "2639"]
[PlyCount "68"]
[EventDate "2016.07.07"]
[EventType "swiss"]
[EventRounds "10"]
[EventCountry "ESP"]
[SourceTitle "Ajedrez en Madrid"]
[Source "lmi"]
[SourceDate "2016.07.07"]

1. e4 e5 2. Nf3 Nc6 3. Bc4 Bc5 4. c3 Nf6 5. d3 d6 6. O-O a6 7. Bg5 h6 8. Bh4
Ba7 9. a4 g5 10. Bg3 Bg4 11. Nbd2 Nh5 12. b4 Nxg3 13. hxg3 Qf6 14. b5 Na5 15.
bxa6 bxa6 16. Bxa6 h5 17. Re1 h4 18. Nf1 Be6 19. d4 hxg3 20. Nxg3 g4 21. Nd2
exd4 22. e5 dxe5 23. Nde4 Qf4 24. Qe2 c6 25. cxd4 Bxd4 26. Rad1 Qh6 27. Nh5 Ke7
28. Neg3 Qg5 29. Rxd4 exd4 30. Qb2 Rxh5 31. Ne4 Qe5 32. Qb4+ c5 33. Qxa5 Qh2+
34. Kf1 Bc4+ 0-1

[Event "36. Open Villa de Benasque 2016 "]
[Site "Benasque ESP"]
[Date "2016.07.11"]
[Round "5.2"]
[White "Kuzubov, Yuriy"]
[Black "Neelotpal, Das"]
[Result "1-0"]
[WhiteElo "2635"]
[BlackElo "2467"]
[PlyCount "99"]
[EventDate "2016.07.07"]
[EventType "swiss"]
[EventRounds "10"]
[EventCountry "ESP"]
[SourceTitle "Ajedrez en Madrid"]
[Source "lmi"]
[SourceDate "2016.07.07"]

1. c4 e5 2. g3 Nf6 3. Bg2 d5 4. cxd5 Nxd5 5. Nc3 Nb6 6. e3 Nc6 7. Nge2 Bg4 8.
h3 Bh5 9. O-O Bd6 10. a3 a5 11. d4 exd4 12. exd4 O-O 13. g4 Bg6 14. f4 f5 15.
d5 Ne7 16. Nd4 Bc5 17. Kh2 Bxd4 18. Qxd4 c6 19. d6 fxg4 20. hxg4 Ned5 21. Nxd5
Nxd5 22. f5 Bf7 23. Bf4 Qh4+ 24. Bh3 Rfe8 25. Bg3 Qh6 26. Rae1 c5 27. Qd3 Rxe1
28. Rxe1 Nf4 29. Qf1 Nxh3 30. Qxh3 Qd2+ 31. Qg2 Qxg2+ 32. Kxg2 Bd5+ 33. Kf2 Bc6
34. Re7 Rf8 35. Bh4 Rf7 36. Re5 b6 37. Bd8 Rd7 38. Bc7 Kf7 39. Kg3 a4 40. g5
Bb7 41. Kf4 Ba6 42. Re4 Bb5 43. Ke5 Bc6 44. Rh4 Kg8 45. g6 h6 46. Ke6 b5 47.
Bb6 Kf8 48. Bxc5 Rd8 49. d7+ Kg8 50. Rd4 1-0

[Event "36. Open Villa de Benasque 2016 "]
[Site "Benasque ESP"]
[Date "2016.07.11"]
[Round "5.3"]
[White "Cori, Jorge"]
[Black "Alvarado Diaz, Alejandro"]
[Result "1/2-1/2"]
[WhiteElo "2602"]
[BlackElo "2421"]
[PlyCount "72"]
[EventDate "2016.07.07"]
[EventType "swiss"]
[EventRounds "10"]
[EventCountry "ESP"]
[SourceTitle "Ajedrez en Madrid"]
[Source "lmi"]
[SourceDate "2016.07.07"]

1. c4 Nf6 2. g3 e6 3. Bg2 d5 4. Nf3 Be7 5. O-O O-O 6. d4 dxc4 7. Ne5 Qd6 8. Na3
Qa6 9. Naxc4 Rd8 10. b3 c5 11. e3 cxd4 12. exd4 Bd7 13. Nxd7 Nbxd7 14. Bb2 Nb6
15. Qe2 Nfd5 16. Rfc1 Bf6 17. a4 Ne7 18. a5 Nxc4 19. Qxc4 Rab8 20. Qxa6 bxa6
21. Rc7 Rxb3 22. Ra2 Rd3 23. Ba3 Nd5 24. Bxd5 Rxd5 25. Bc5 h6 26. Rxa7 Bxd4 27.
Bxd4 R3xd4 28. Rxa6 Rd2 29. Rxd2 Rxd2 30. h4 g6 31. Kg2 Ra2 32. Kf3 Kg7 33. Ra8
h5 34. a6 Kf6 35. Ke3 Kf5 36. a7 Ke5 1/2-1/2

[Event "36. Open Villa de Benasque 2016 "]
[Site "Benasque ESP"]
[Date "2016.07.11"]
[Round "5.4"]
[White "Stremavicius, Titas"]
[Black "Gopal, G.N.."]
[Result "1/2-1/2"]
[WhiteElo "2462"]
[BlackElo "2565"]
[PlyCount "100"]
[EventDate "2016.07.07"]
[EventType "swiss"]
[EventRounds "10"]
[EventCountry "ESP"]
[SourceTitle "Ajedrez en Madrid"]
[Source "lmi"]
[SourceDate "2016.07.07"]

1. d4 Nf6 2. Nf3 g6 3. Bf4 Bg7 4. c3 d6 5. h3 b6 6. e3 Bb7 7. Be2 Nbd7 8. O-O
O-O 9. a4 a6 10. Bh2 c5 11. Nbd2 Ra7 12. Re1 Qa8 13. Bf1 Ne4 14. Nxe4 Bxe4 15.
Nd2 Bc6 16. Nc4 Rb8 17. b4 cxb4 18. cxb4 Nf6 19. Rc1 Qb7 20. a5 b5 21. Nb6 Nd5
22. Qc2 Bd7 23. Nxd7 Qxd7 24. Qb3 e6 25. Re2 Raa8 26. Rec2 Rc8 27. Be2 Rxc2 28.
Rxc2 Rc8 29. Rxc8+ Qxc8 30. Bxd6 Qc1+ 31. Kh2 Bf8 32. Bxf8 Kxf8 33. Bf3 Nc3 34.
g3 Qd2 35. Kg2 Na2 36. Bb7 Nxb4 37. Bxa6 Nd3 38. Qxb5 Qxf2+ 39. Kh1 Qf3+ 40.
Kh2 Qe2+ 41. Kh1 Qe1+ 42. Kh2 Qd2+ 43. Kh1 Nf2+ 44. Kg2 Nd3+ 45. Kh1 Qd1+ 46.
Kh2 Qc2+ 47. Kg1 Qd1+ 48. Kh2 Qd2+ 49. Kh1 Nf2+ 50. Kg2 Nd3+ 1/2-1/2

[Event "36. Open Villa de Benasque 2016 "]
[Site "Benasque ESP"]
[Date "2016.07.11"]
[Round "5.5"]
[White "Baryshpolets, Andrey"]
[Black "Jansa, Vlastimil"]
[Result "1-0"]
[WhiteElo "2551"]
[BlackElo "2411"]
[PlyCount "55"]
[EventDate "2016.07.07"]
[EventType "swiss"]
[EventRounds "10"]
[EventCountry "ESP"]
[SourceTitle "Ajedrez en Madrid"]
[Source "lmi"]
[SourceDate "2016.07.07"]

1. d4 Nf6 2. c4 g6 3. Nf3 Bg7 4. g3 d5 5. cxd5 Nxd5 6. Bg2 Nb6 7. Nc3 Nc6 8. e3
O-O 9. O-O Re8 10. a3 Be6 11. Nd2 f5 12. Nb3 Bc4 13. Nc5 Bxf1 14. Nxb7 Qc8 15.
Qxf1 Qxb7 16. Qb5 e5 17. Bxc6 Qc8 18. dxe5 Rxe5 19. Qb3+ Kh8 20. Bxa8 Qxa8 21.
Bd2 Rc5 22. Na4 Nxa4 23. Qxa4 Bxb2 24. Rb1 Bf6 25. Qd7 Rc6 26. Ba5 Bb2 27. e4
Rd6 28. Qxc7 1-0

[Event "36. Open Villa de Benasque 2016 "]
[Site "Benasque ESP"]
[Date "2016.07.11"]
[Round "5.6"]
[White "Granda Zuñiga, Julio E"]
[Black "Campora, Daniel H"]
[Result "1/2-1/2"]
[WhiteElo "2699"]
[BlackElo "2439"]
[PlyCount "138"]
[EventDate "2016.07.07"]
[EventType "swiss"]
[EventRounds "10"]
[EventCountry "ESP"]
[SourceTitle "Ajedrez en Madrid"]
[Source "lmi"]
[SourceDate "2016.07.07"]

1. d4 Nf6 2. Nf3 d5 3. g3 c6 4. Bg2 Bf5 5. O-O e6 6. c4 Nbd7 7. Qb3 Qb6 8. c5
Qxb3 9. axb3 a6 10. Nc3 h6 11. b4 Rc8 12. Nd2 Be7 13. f3 O-O 14. e4 Bg6 15. Nb3
Bd8 16. Na5 Bxa5 17. Rxa5 Rcd8 18. Rd1 Rfe8 19. Bf4 dxe4 20. fxe4 e5 21. dxe5
Ng4 22. e6 fxe6 23. h3 Ngf6 24. Bc7 Rc8 25. Bd6 e5 26. Re1 Bf7 27. Nd1 Be6 28.
Ne3 g6 29. Ra3 Kg7 30. Rd3 h5 31. b3 Bf7 32. Nc4 Bxc4 33. bxc4 Re6 34. h4 Ng4
35. Bf3 Nh6 36. Red1 Nf6 37. b5 Nf7 38. bxa6 bxa6 39. Rb3 a5 40. Rb7 Kg8 41.
Rc7 Rxc7 42. Bxc7 a4 43. Ra1 Re7 44. Bb6 Rd7 45. Rxa4 Rd3 46. Kf2 Nh6 47. Ke2
Rb3 48. Ra8+ Kf7 49. Ra7+ Ke8 50. Rg7 Nhg4 51. Bxg4 hxg4 52. Rxg6 Kf7 53. Rg5
Nxe4 54. Rxg4 Nxg3+ 55. Kf2 Nf5 56. Re4 Rb2+ 57. Kf3 Rb3+ 58. Kf2 Rb2+ 59. Ke1
Nd4 60. Kd1 Nf3 61. Re3 Rf2 62. h5 Kf6 63. h6 Kg6 64. Bc7 Kxh6 65. Bxe5 Nxe5
66. Rxe5 Kg7 67. Re6 Kf7 68. Rxc6 Ke7 69. Rh6 Kd7 1/2-1/2

[Event "36. Open Villa de Benasque 2016 "]
[Site "Benasque ESP"]
[Date "2016.07.11"]
[Round "5.7"]
[White "Cordova, Emilio"]
[Black "Santos Ruiz, Miguel"]
[Result "1/2-1/2"]
[WhiteElo "2620"]
[BlackElo "2410"]
[PlyCount "67"]
[EventDate "2016.07.07"]
[EventType "swiss"]
[EventRounds "10"]
[EventCountry "ESP"]
[SourceTitle "Ajedrez en Madrid"]
[Source "lmi"]
[SourceDate "2016.07.07"]

1. d4 e6 2. Nf3 Nf6 3. c4 d5 4. Nc3 Bb4 5. Qa4+ Nc6 6. e3 O-O 7. Bd2 dxc4 8.
Bxc4 a6 9. Qc2 Bd6 10. Ne4 Nxe4 11. Qxe4 Qf6 12. Bc3 Qf5 13. Nd2 e5 14. dxe5
Nxe5 15. Be2 Re8 16. Rd1 Qxe4 17. Nxe4 Bf8 18. Ng3 Nd7 19. Bf3 a5 20. Bxb7 Bxb7
21. Rxd7 Bxg2 22. Rg1 Bf3 23. Nf5 g6 24. Nd4 Be4 25. Rxc7 Bd6 26. Rd7 Bxh2 27.
Rg4 Bb1 28. a4 Be5 29. Rd5 h5 30. Rh4 Bf6 31. Rf4 Be5 32. Rh4 Bf6 33. Rf4 Be5
34. Rh4 1/2-1/2